000 00416nam a2200109Ia 4500
008 220615s9999||||xx |||||||||||||| ||und||
245 2 _aA Guarantee System for Youth Policies. “One Step Ahead” Towards employment and autonomy
546 _aEnglish[eng]
700 _aFederighi, Paolo||Torlone, Francesca
856 _uhttps://library.oapen.org/bitstream/20.500.12657/55097/1/9788866554684.pdf
942 _cEB
999 _c17712
_d17712